000 00523cam a22001457a 4500
008 180718b1912 xxu||||| |||| 00| 0 eng d
082 _aT19x42 M746
100 _aMoney, L. G. Chiozza
245 _aThings that matter: papers upon subjects which are, or ought to be, under discussion
_cby L. G. Chiozza Money
260 _aLondon
_bMethuen
_c1912
300 _ax, 299p.
650 _aGreat Britain --Economic conditions
650 _aGreat Britain --Social conditions
650 _aLabor and laboring classes --Great Britain
999 _c430678
_d430678